000 00517nam a22001577a 4500
005 20251108164252.0
008 250721s1987 xx 000 0 ara d
082 1 4 _a351.00725/سيد
100 1 _aعليوة، السيد
245 1 0 _aصنع القرار السياسي في منظمات الإدارة العامة /
264 1 _aالقاهرة :
_bالهيئة المصرية العامة للكتاب،
_c1987.
300 _a422ص
650 1 7 _aالإدارة العامة
942 _2ddc
_cBK
999 _c7940
_d7940